LEADER 03260nam 2200613Ia 450 001 996552371203316 005 20231101071823.0 010 $a1-5261-3794-1 024 7 $a10.7765/9781526137944 035 $a(CKB)5490000000019758 035 $a(DE-B1597)659926 035 $a(DE-B1597)9781526137944 035 $a(EXLCZ)995490000000019758 100 $a20231101h20182010 fg 101 0 $aeng 135 $aur||||||||||| 181 $ctxt$2rdacontent 182 $cc$2rdamedia 183 $acr$2rdacarrier 200 10$aUnderstanding British and European political issues $eSecond edition /$fKrystyna McNaughton 205 $a2nd ed. 210 1$aManchester : $cManchester University Press, $d[2018] 210 4$d©2010 215 $ax, 242 p. ;$d24 cm 225 0 $aUnderstandings 300 $aIncludes index. 311 $a0-7190-8073-8 330 $aThis electronic version has been made available under a Creative Commons (BY-NC-ND) open access license. This new edition will be essential reading for all students studying politics at A2 level, as it covers the important issues as required by the main examining boards, and has been specifically tailored to the brand new Edexcel Route A specification. Fully updated to include the global recession and other recent political developments, itlooks at the important issues in British politics since 1945. It is also useful as an introductory reader for all those who are interested in the field.Neil McNaughton is a seasoned writer at this level. He examines, on a chapter by chapter basis, the key issues of British politics today; economic policy, the Welfare State, law and order, environment policy, Northern Ireland, issues concerning women,European integration and the European Union, and the impact of the European Union on Britain. In each case he describes the issues in detail and places them in their political context.Written in an accessible style, with helpful features such as summaries, definition, tables and boxes to illuminate the points made and suggestions for additional reading and research, this book is urgently needed as students grapple with the issues thrown up by the new examinations. 606 $aPOLITICAL SCIENCE / Comparative Politics$2bisacsh 607 $aGreat Britain$xPolitics and government$y1945- 607 $aGreat Britain$xSocial conditions$y1945- 607 $aGreat Britain$xEconomic conditions$y20th century 610 $aBritish politics. 610 $aEuropean Union. 610 $aEuropean integration. 610 $aNorthern Ireland. 610 $aWelfare State. 610 $aconstitutional reform. 610 $adevolution. 610 $aeconomic policy. 610 $aenvironment policy. 610 $aglobal recession. 610 $alaw and order. 610 $apolitical developments. 610 $apolitical issues. 615 7$aPOLITICAL SCIENCE / Comparative Politics. 676 $a320.60941 700 $aMcNaughton$b Krystyna, $4aut$4http://id.loc.gov/vocabulary/relators/aut$01440076 801 0$bDE-B1597 801 1$bDE-B1597 906 $aBOOK 912 $a996552371203316 996 $aUnderstanding British and European political issues$93602630 997 $aUNISA LEADER 02294nam 2200565Ia 450 001 9910791833103321 005 20200520144314.0 010 $a1-61761-659-1 035 $a(CKB)2560000000067935 035 $a(EBL)3017913 035 $a(SSID)ssj0000416283 035 $a(PQKBManifestationID)12190779 035 $a(PQKBTitleCode)TC0000416283 035 $a(PQKBWorkID)10420788 035 $a(PQKB)11441213 035 $a(MiAaPQ)EBC3017913 035 $a(Au-PeEL)EBL3017913 035 $a(CaPaEBR)ebr10654884 035 $a(OCoLC)923654284 035 $a(EXLCZ)992560000000067935 100 $a20091105d2010 uy 0 101 0 $aeng 135 $aur|n|---||||| 181 $ctxt 182 $cc 183 $acr 200 10$aDzhemilev reaction in organic and organometallic synthesis$b[electronic resource] /$fVladimir A. D'yakonov 210 $aNew York $cNova Science Publishers$dc2010 215 $a1 online resource (106 p.) 225 0$aChemistry research and applications series 300 $aDescription based upon print version of record. 311 $a1-60876-683-7 320 $aIncludes bibliographical references (p. [77]-89) and index. 327 $a""CONTENTS""; ""PREFACE""; ""INTRODUCTION""; ""HISTORY OF DISCOVERY""; ""ETHYLMAGNESIATION OF OLEFINS CATALYZED BY ZR COMPLEXES""; ""CATALYTIC CYCLOALUMINATION AND CYCLOMAGNESIATION OF OLEFINS, ACETYLENES, AND ALLENES MEDIATED BY MG OR ALALKYLS""; ""ON MECHANISM OF OLEFIN ETHYLMAGNESIATION AND CYCLOALUMINATION CATALYZED BY ZR COMPLEXES""; ""SYNTHESIS OF MACRO METALLACARBOCYCLES THROUGH THE CATALYTIC CYCLOMETALATION REACTION OF UNSATURATED COMPOUNDS""; ""CONCLUSION""; ""BIBLIOGRAPHY""; ""INDEX"" 410 0$aChemistry Research and Applications 606 $aOrganometallic compounds$xSynthesis 606 $aPhase-transfer catalysis 606 $aTransition metals 615 0$aOrganometallic compounds$xSynthesis. 615 0$aPhase-transfer catalysis. 615 0$aTransition metals. 676 $a547.2 700 $aDiakonov$b Vladimir A$01520209 801 0$bMiAaPQ 801 1$bMiAaPQ 801 2$bMiAaPQ 906 $aBOOK 912 $a9910791833103321 996 $aDzhemilev reaction in organic and organometallic synthesis$93758755 997 $aUNINA